A Study On The Production Of Grain Sorghum Hybrids / (Record no. 178497)

MARC details
000 -LEADER
fixed length control field 01326namaa22003251i 4500
005 - أخر تعامل مع التسجيلة
control field 20260302135104.0
008 - FIXED-LENGTH DATA ELEMENTS--GENERAL INFORMATION
fixed length control field 260215s1996 ua a|||frm||| 000 0 eng d
040 ## - CATALOGING SOURCE
Original cataloguing agency EG-GICUC
Language of cataloging eng
Transcribing agency EG-GICUC
Modifying agency EG-GICUC
Description conventions rda
041 0# - LANGUAGE CODE
Language code of text/sound track or separate title eng
Language code of summary or abstract eng
-- ara
049 ## - Acquisition Source
Acquisition Source Deposit
097 ## - Degree
Degree Ph.D
099 ## - LOCAL FREE-TEXT CALL NUMBER (OCLC)
Local Call Number Cai01.07.01.Ph.D.1996.Me.S.
100 0# - MAIN ENTRY--PERSONAL NAME
Authority record control number or standard number Mervat Mitry Saad EL-Menshawy,
Preparation preparation.
245 12 - TITLE STATEMENT
Title A Study On The Production Of Grain Sorghum Hybrids /
Statement of responsibility, etc. By Mervat Mitry Saad EL-Menshawy; Supervised Prof. Dr. M. S. Radwan, Prof. Dr. M. S. A. Mostafa, Prof.Dr. Osman O. EL-Nagouly.
246 15 - VARYING FORM OF TITLE
Title proper/short title دراسة على إنتاج هجن الذرة الرفيعة /
264 #0 - PRODUCTION, PUBLICATION, DISTRIBUTION, MANUFACTURE, AND COPYRIGHT NOTICE
Date of production, publication, distribution, manufacture, or copyright notice 1996.
300 ## - PHYSICAL DESCRIPTION
Extent 91 pages :
Other physical details illustrations ;
Dimensions 30 cm. +
336 ## - CONTENT TYPE
Source rda content
Content type term text
337 ## - MEDIA TYPE
Source rdamedia
Media type term Unmediated
338 ## - CARRIER TYPE
Source rdacarrier
Carrier type term volume
502 ## - DISSERTATION NOTE
Dissertation note Thesis (Ph.D)-Cairo University, 1996.
504 ## - BIBLIOGRAPHY, ETC. NOTE
Bibliography, etc. note Bibliography: pages 80-91.
653 #0 - INDEX TERM--UNCONTROLLED
Uncontrolled term Agronomy
700 0# - ADDED ENTRY--PERSONAL NAME
Personal name M. S. Radwan
Relator term thesis advisor.
700 0# - ADDED ENTRY--PERSONAL NAME
Personal name M. S. A. Mostafa
Relator term thesis advisor.
700 0# - ADDED ENTRY--PERSONAL NAME
Personal name Osman O. EL-Nagouly
Relator term thesis advisor.
900 ## - Thesis Information
Department Department of Agronomy
Faculties Faculty of Agriculture
Universities Cairo University
Grant date 1996
Supervisory body M. S. Radwan
-- M. S. A. Mostafa
-- Osman O. EL-Nagouly
905 ## - Cataloger and Reviser Names
Cataloger Name Eman El gebaly
Reviser Names Nourhan
942 ## - ADDED ENTRY ELEMENTS (KOHA)
Source of classification or shelving scheme Dewey Decimal Classification
Koha item type Thesis
Edition 21
Suppress in OPAC No
Holdings
Source of classification or shelving scheme Home library Current library Date acquired Inventory number Full call number Barcode Date last seen Effective from Koha item type
Dewey Decimal Classification المكتبة المركزبة الجديدة - جامعة القاهرة مكتبة المئوية 15.02.2026 027833 Cai01.07.01.Ph.D.1996.Me.S. 01010110027833000 15.02.2026 15.02.2026 Thesis
Cairo University Libraries Portal Implemented & Customized by: Eng. M. Mohamady Contacts: new-lib@cl.cu.edu.eg | cnul@cl.cu.edu.eg
CUCL logo CNUL logo
© All rights reserved — Cairo University Libraries
CUCL logo
Implemented & Customized by: Eng. M. Mohamady Contact: new-lib@cl.cu.edu.eg © All rights reserved — New Central Library
CNUL logo
Implemented & Customized by: Eng. M. Mohamady Contact: cnul@cl.cu.edu.eg © All rights reserved — Cairo National University Library